000 00347nam a22001457a 4500
003 OSt
005 20160727222459.0
008 160705b xxu||||| |||| 00| 0 eng d
040 _cTEST
100 _92250
_a Roy, N
245 _aThe Railway Train
260 _aN.D
_b Children Books Trust
_c2003
300 _aThe Railway Train
942 _2ddc
_cBK
999 _c1938
_d1938